000 002690000a22000970004500
100 1 _aHoward, David M.
245 1 0 _aEl costo de la obra misionera en Colombia
300 _aVol. 6, Num. 2 (Abril-Junio, 1996), Página 4
773 0 _tLatin America Evangelist
942 _cANA
999 _c54941
_d54941